APEC Schools

El Filibusterismo ni Jose P. Rizal / (Record no. 93)

000 -LEADER
fixed length control field nam a22 7a 4500
005 - DATE AND TIME OF LATEST TRANSACTION
control field 20180907033513.0
008 - FIXED-LENGTH DATA ELEMENTS--GENERAL INFORMATION
fixed length control field 170907b xxu||||| |||| 00| 0 eng d
020 ## - IDENTIFIER FOR THE MANIFESTATION
Identifier for the Manifestation 9789715848046
Binding paperback
040 ## - CATALOGING SOURCE
Language of Cataloging eng
Transcribing Agency APEC Schools Library
Description Conventions rda
082 ## - DEWEY DECIMAL CLASSIFICATION NUMBER
Classification number F 959.90922
Author's Number C8893 2009
100 1# - CREATOR
Preferred Name of the Person Cruz, Emerlinda G.
245 1# - TITLE AND STATEMENT OF RESPONSIBILITY
Preferred Title Proper El Filibusterismo ni Jose P. Rizal /
Statement of Responsibility/Parallel Statement of Responsibility by Emerlinda G. Cruz.
264 ## - PUBLICATION STATEMENT
Place of publication, distribution, etc Quezon City, PH :
Publisher's Name/Parallel Publisher's Name C & E Publishing ,
Copyright ©2009
Date of Publication [2009]
300 ## - PHYSICAL DESCRIPTION
Extent xxiv, 456 pages :
Illustrative Content illustrations ;
Dimensions 26 cm
336 ## - RDA CONTENT
Source rdacontent
Content Type text
337 ## - RDA MEDIA
Source rdamedia
Media Type unmediated
338 ## - RDA CARRIER
Source rdacarrier
Carrier Type volume
600 ## - ADDED SUBJECT ACCESS POINT - PERSONAL NAME
Preferred Name of the Person Rizal, Jose
Title of a Work El Filibusterismo
Chronological Subdivision 1861-1898
700 1# - ADDED AUTHORIZED ACCESS POINT - PERSONAL NAME
Preferred Name of the Person Mangahas, Rogelio G.
Relator Term consultant
942 ## - ADDED ENTRY ELEMENTS (KOHA)
Source of Classification
Koha Item Type Books
Holdings
Library Site Location Shelving Location Source of Acquisition Full Classification Number Accession Number Koha Item Type
APEC Bacoor Library APEC Bacoor Library Filipiniana   F 959.90922 C8893 2009 B04-0000055 Non Fiction
APEC Calumpang Library APEC Calumpang Library Filipiniana   F 959.90922 C8893 2009 B10-0000005 Non Fiction
APEC Dasmarinas Library APEC Dasmarinas Library Filipiniana   F 959.90922 C8893 2009 B03-0000055 Non Fiction
APEC España Library APEC España Library Filipiniana   F 959.90922 C8893 2009 B11-0000005 Non Fiction
APEC G. Tuazon Library APEC G. Tuazon Library Filipiniana   F 959.90922 C8893 2009 B05-0000005 Non Fiction
APEC Grace Park West Library APEC Grace Park West Library Filipiniana Donation F 959.90922 C8893 2009 A09-0000041D Non Fiction
APEC JRU Lipa Library APEC JRU Lipa Library Filipiniana   F 959.90922 C8893 2009 B12-0000056 Non Fiction
APEC Ortigas Extension, Cainta Library APEC Ortigas Extension, Cainta Library Filipiniana   F 959.90922 C8893 2009 B09-0000056 Non Fiction
APEC Roxas Boulevard Library APEC Roxas Boulevard Library Filipiniana   F 959.90922 C8893 2009 B06-0000005 Non Fiction
APEC Silangan, Pateros Library APEC Silangan, Pateros Library Filipiniana   F 959.90922 C8893 2009 B07-0000005 Non Fiction
APEC Taytay Library APEC Taytay Library Filipiniana   F 959.90922 C8893 2009 B08-0000055 Non Fiction
APEC V. Luna Library APEC V. Luna Library Filipiniana   F 959.90922 C8893 2009 A01-0000006 Non Fiction

Powered by Koha